[Event "Moscow Aeroflot op"]
[Site "Moscow"]
[Date "2002.02.09"]
[Round "8"]
[White "Beshukov, Sergei"]
[Black "Korotylev, Alexey"]
[Result "1/2-1/2"]
[WhiteElo "2465"]
[BlackElo "2564"]
[Annotator "Finkel,A"]
[PlyCount "110"]
[EventDate "2002.02.04"]
[EventType "swiss"]
[EventRounds "9"]
[EventCountry "RUS"]
[SourceTitle "CBM 088"]
[Source "ChessBase"]
[SourceDate "2002.03.21"]
[SourceVersion "1"]
[SourceVersionDate "2002.03.21"]
[SourceQuality "1"]

1. e4 d6 2. d4 g6 3. Nc3 Bg7 4. Be3 a6 5. f4 b5 6. Nf3 Bb7 7. Bd3 Nd7 ({
Deserved attention attempt immidiately to attack whites pawn centre after} 7...
b4 $5 8. Ne2 Nf6 9. e5 (9. Ng3 Nbd7 (9... h5 10. Ng5 h4 11. Nf1 d5 12. e5 Ne4
13. Nxe4 dxe4 14. Bc4 $16) 10. Qd2 c5 $132) 9... Nd5 10. Bd2 (10. Bf2 Bh6 11.
Qd2 Nd7 $132 {[%cal Gc7c5]}) 10... c5 11. c4 bxc3 12. bxc3 cxd4 13. cxd4 O-O
14. O-O $13 {Svidler,P-Beliavsky,A/Dortmund 1998/CBM 66/ (33)}) ({not good for
black} 7... Nf6 8. e5 Nd5 9. Nxd5 Bxd5 10. Qe2 $36 {[%csl Ge5,Rg7][%cal Ga2a4,
Gh2h4,Gh4h5] and white stands better on both flanks.}) 8. e5 (8. O-O c5 $132 9.
Kh1 c4 10. Be2 b4 11. Na4 Bxe4 12. Bxc4 Ngf6 13. a3 Rc8 14. Bb3 bxa3 15. Rxa3
O-O $11 {Hertneck,G-Bilek,I/Kecskemet 1990/CBM 20/[King] (40)}) 8... e6 (8...
Nb6 9. O-O e6 10. a4 b4 11. Ne4 Ne7 12. Bf2 Bxe4 13. Bxe4 Nbd5 14. a5 Nxf4 15.
Bxa8 Qxa8 16. Bg3 $16 {Tiviakov,S-Azmaiparashvili,Z/Groningen 1994/CBM 45}) (
8... c5 $6 9. dxc5 Nxc5 10. Bxc5 dxc5 11. Be4 $14) 9. O-O (9. a4 bxa4 (9... b4
10. Ne4 Ne7 (10... Nb6 11. Bd2 a5 (11... Nd5 12. c4 bxc3 13. bxc3 $14 {[%cal
Ga1b1]}) 12. Bb5+ $14 {Morozevich,A-Azmaiparashvili,Z/Bugojno 1999/CBM 74}) 11.
exd6 Nf5 12. dxc7 Qxc7 13. Qd2 O-O 14. a5 Nf6 15. Nxf6+ Bxf6 $44 {Goldin,
A-Becerra Rivero,J/Connecticut 2000/EXT 2001}) 10. O-O (10. Rxa4 Ne7 11. Qe2
Nb6 12. Ra3 $14 {Webb,R-Townsend,M/England 1999/EXT 2000}) 10... Ne7 11. Qe2
Qb8 12. Rxa4 c5 $13 {Polgar,J-Gausel,E/Haifa 1989/EU-chT}) (9. Ne4 Nb6 10. Qe2
(10. O-O f5 11. Nf2 Ne7 12. b3 Nbd5 13. Bd2 dxe5 14. Nxe5 $14 {Larsen,
K-Jakobsen,O/Copenhagen 1999/CBM 71}) 10... Ne7 11. O-O-O Ned5 12. Bd2 Nc4 13.
Bxc4 bxc4 14. Qxc4 Qd7 15. Qe2 $16 {Biehler,T-Gausel,E/St Ingbert 1989/EXT 97})
9... Ne7 10. Ne4 Nb6 11. Qe2 (11. Qe1 Nf5 12. Bd2 h5 13. b3 Bxe4 $1 14. Bxe4 d5
15. Bd3 Bf8 $132 {Chandler,P-Khalifman,A/Bad Wiessee 1997/CBM 61 ext}) 11...
Nf5 12. Bf2 Nd5 13. Qd2 ({White could win a pawn after} 13. Bxb5+ $6 axb5 $1
14. Qxb5+ Qd7 15. Qxb7 O-O 16. Qb3 Rfb8 $44 {[%csl Rb2,Rf4] but it seems that
black has more than sufficient compensation for it.}) 13... h5 $5 14. Neg5 Qd7
15. Rae1 Nde7 16. Ne4 (16. b3 $5 $14 Bxf3 17. Nxf3 d5 18. g3 $14 {[%cal Gg1g2,
Gh2h3,Gg3g4]}) 16... Bd5 17. b3 Qc6 18. Nfg5 Kf8 19. c4 (19. Rc1 Qb7 20. c4
Bxe4 21. Nxe4 $16) 19... bxc4 20. bxc4 Bxc4 21. Bxc4 Qxc4 22. Rc1 Qd5 23. Rxc7
Bh6 (23... dxe5 $5 24. dxe5 Qxd2 25. Nxd2 Bh6 26. Nde4 Kg7 27. Bc5 Rhe8 28. Rd1
$16 {[%csl Rf7][%cal Gd1d7]}) 24. Qb4 $6 ({Much stronger was} 24. Nf6 $1 Qb5
25. exd6 Nxd6 26. Ngh7+ Kg7 (26... Rxh7 27. Nxh7+ Kg7 28. Ng5 $18) 27. Rxe7
Rxh7 28. Nxh7 Kxh7 $16 {even though also here black has his chances.}) 24...
Bxg5 25. Nxg5 Rd8 26. a4 Kg7 27. Qb6 Rhe8 28. Qxa6 $5 Nxd4 29. Qd3 dxe5 30.
fxe5 Ndf5 31. Qxd5 Rxd5 32. Bc5 $5 {[%csl Rf7]} Rxe5 33. Bxe7 $6 {The endgame
arising after B:e7 is drawn, so better was} (33. a5 $1 f6 34. Nf3 Re4 35. a6
Ra4 36. a7 Kf7 37. Rb1 $16 {[%cal Gb1b7] with very strong compensation for the
pawn.}) 33... Rxe7 34. Rxe7 Nxe7 35. Rxf7+ Kg8 {[%csl Rg5]} 36. Rxe7 Rxg5 37.
Rxe6 Rg4 38. a5 Kf7 39. Rb6 Ra4 40. a6 h4 41. h3 $6 {Some winning chances
would leave} (41. Kf2 $1 g5 $5 (41... Ra2+ 42. Kf3 Ra3+ (42... h3 $2 43. gxh3
Rxh2 44. Kg4 Ra2 45. Kf4 Kg7 46. Ke5 Kh6 47. Kd6 Kh5 48. Kc6 g5 49. Kb7 Kh4 50.
Rb3 Rf2 51. a7 Rf7+ 52. Ka6 Rf8 53. Rb8 Rf1 54. Rb5 Rf8 55. Ra5 $1 $18 {
[%cal Ga6c6,Ga7a8]}) 43. Ke4 Ra2 44. Ke5 Re2+ 45. Kd6 Rxg2 46. h3 $1 Kf6 47. a7
Ra2 48. Kc7+ Kf5 49. Kb7 Rxa7+ 50. Kxa7 g5 51. Rb4 $18)) 41... Ra2 $1 $11 42.
Rb7+ Kf6 43. a7 Kf5 44. Kf1 Kf4 45. Rg7 Ke3 46. Kg1 g5 47. Rxg5 Rxa7 48. Rg4
Rh7 49. Kh2 Kf2 50. Rb4 Rh8 51. Rf4+ Ke3 52. Rf5 Ke4 53. Rg5 Kf4 54. Rg4+ Kf5
55. Kg1 Rh7 1/2-1/2

[Event "Montreal 3rd"]
[Site "Montreal"]
[Date "2002.08.02"]
[Round "8"]
[White "Kotronias, Vasilios"]
[Black "Hebert, Jean"]
[Result "1-0"]
[WhiteElo "2578"]
[BlackElo "2416"]
[Annotator "Finkel,A"]
[PlyCount "35"]
[EventDate "2002.07.25"]
[EventType "tourn"]
[EventRounds "11"]
[EventCountry "CAN"]
[EventCategory "11"]
[SourceTitle "CBM 091"]
[Source "ChessBase"]
[SourceDate "2002.11.12"]
[SourceVersion "1"]
[SourceVersionDate "2002.11.12"]
[SourceQuality "1"]

1. e4 g6 2. d4 Bg7 3. Nc3 d6 4. f4 e6 {Very risky continuation!} 5. Nf3 Ne7 6.
Be3 b6 7. Qd2 Bb7 (7... c6 8. O-O-O Ba6 9. Bxa6 Nxa6 10. g4 Qd7 11. e5 Nc7 12.
Ne4 Nc8 13. h4 $16 {Korneev,O-Ahundov,R/Ashkhabad 1996}) 8. O-O-O Nd7 (8... Qd7
9. g4 f5 10. gxf5 exf5 11. Bh3 Na6 12. Qf2 O-O-O 13. e5 d5 14. Ng5 $14 {
Stefl,V-Urban,B/Brno 1969}) (8... a6 9. Be2 b5 10. a3 Nd7 11. Rhg1 c5 12. dxc5
dxc5 13. Ng5 b4 14. axb4 cxb4 15. Nb1 Bc6 $13 {Schneider,J-Raetsch,K/Wiesbaden
1992}) 9. Qe1 $5 {[%cal Ge1h4] Showing an agressive intentions on the kingside.
} (9. a3 O-O 10. g4 Nf6 11. Bd3 c5 12. g5 Nh5 13. Ng1 Rc8 14. Be2 {1/2-1/2
Andreev,E-Ovsejevitsch,S/Alushta 2000/EXT 2001 (14)}) (9. Be2 O-O (9... a6 10.
h3 b5 11. a3 d5 12. e5 Nb6 13. b3 Nc6 14. Nb1 $14 {Kharlamov,V-Koshil,T/
Briansk 1995}) 10. h4 Nf6 11. Ng5 h6 12. Bf3 hxg5 13. hxg5 Nd7 14. g4 Re8 15.
Rh3 $40 {Holzhaeuer,M-Martynov,P/Schramberg 1993}) (9. Bd3 d5 10. e5 a6 11. g4
c5 12. f5 cxd4 13. Bxd4 Nc6 $13 {Juarez,A-Anelli,A/Acasusso 1991}) 9... a6 10.
Bd3 c5 {More cautious was} (10... b5 $5 11. g4 Nb6 12. Rf1 Qd7 13. h4 O-O-O
$132 {with slightly passive, but very flexible position}) 11. Rf1 O-O $6 {
Inviting white to attack!} (11... Qc7 12. g4 O-O-O) 12. g4 Nf6 $6 13. Qh4 cxd4
(13... c4 $6 14. g5 cxd3 (14... Nd7 15. Bxc4 b5 16. Bd3 $16) 15. gxf6 $18 {
[%csl Re7,Rg7]}) 14. Nxd4 $16 Nd7 {Black is already in troubles, but wasting
time with knight moves is hardly a good idea anyway...} (14... b5 15. g5 Nd7
16. f5 exf5 17. exf5 Nc6 18. f6 $16) 15. f5 {[%cal Ge3h6,Ge3g5]} exf5 16. exf5
Nc6 17. Bg5 Bf6 (17... Qb8 18. f6 Bh8 (18... Nxd4 19. fxg7 Re8 20. Rxf7 $1 {
[%csl Rg8]} Kxf7 21. Qxh7 Rg8 22. Qxg6#) 19. Nd5 Nde5 20. Nxc6 Nxc6 21. Nxb6
$18) 18. Ne4 $1 (18. Ne4 Bxg5+ 19. Nxg5 Nf6 20. fxg6 fxg6 21. Rxf6 Rxf6 22.
Qxh7+ Kf8 23. Nde6+ $18) 1-0

[Event "Israel"]
[Site "Israel"]
[Date "1998.??.??"]
[Round "?"]
[White "Finkel, Alexander"]
[Black "Kantsler, Boris"]
[Result "1/2-1/2"]
[WhiteElo "2500"]
[BlackElo "2535"]
[Annotator "Finkel,A"]
[PlyCount "49"]
[EventDate "1998.08.28"]
[EventType "swiss"]
[EventRounds "9"]
[EventCountry "ISR"]
[SourceTitle "CBM 064"]
[Source "ChessBase"]
[SourceDate "1998.06.02"]
[SourceVersion "1"]
[SourceVersionDate "1998.06.02"]
[SourceQuality "1"]

1. e4 g6 2. d4 Bg7 3. Nf3 d6 4. Bc4 Nf6 5. Qe2 O-O 6. O-O Bg4 7. Nbd2 Nc6 8. c3
(8. d5 $6 Ne5 9. Bb3 Bh6 $1 10. h3 Bxd2 11. Bxd2 Nxf3+ 12. gxf3 Bxh3 13. Rfe1
Nh5 $17 {Polugaevsky,L-Ribli,Z/Las Palmas 1974 (36)}) 8... e5 9. h3 (9. d5 $6
Ne7 10. h3 Bd7 $1 11. Rd1 Nh5 (11... Ne8 12. Bb5 Bc8 13. Bxe8 Qxe8 14. c4 Bd7
15. b3 f5 $15 {Hermann,M-Keene,R/Bad Lauterberg 1977 (27)}) 12. Nf1 Kh8 13. Ne1
Qe8 $1 14. Nd3 f5 15. exf5 gxf5 $17 {Kostro,J-Razuvaev,Y/Polanica Zdroj 1972 
(32)}) (9. dxe5 $6 Nxe5 10. Bb3 Re8 11. Qe3 Nxf3+ 12. gxf3 Bd7 13. Re1 Nh5 $15
{Pogats,J-Vadasz,L/Budapest HUN ch 1972 (38)}) 9... Bxf3 (9... Bd7 10. dxe5
dxe5 11. Nb3 $6 Nh5 (11... Qe7 12. Bg5 h6 13. Bxf6 Bxf6 14. Qe3 Kh7 15. Nc5 b6
16. Nxd7 Qxd7 $11 {Schouten,H-Bernard,N/Huy op 1992 (22)}) 12. Rd1 Qe8 13. Be3
Kh8 14. Bc5 Ne7 15. Ng5 Ba4 16. Qf3 Nf6 $13 {Shamkovich,L-Bronstein,D/URS-ch40
Baku 1972/1/2-1/2 (45)}) 10. Nxf3 exd4 11. cxd4 d5 12. exd5 Nxd5 13. Rd1 (13.
Qe4 $6 Nb6 14. Bb3 Re8 15. Qf4 Nd5 16. Bxd5 Qxd5 17. Be3 Rac8 $15 {Ostojic,
P-Buchal,S/BL2-SW 1989 (41)}) 13... Re8 (13... Qd6 14. Qe4 Nce7 15. Bg5 c6 16.
Rac1 h6 17. Bd2 Rfe8 $13 {Ivanchuk Vassily-Anand Viswanathan/It "Kremlin
Stars" (active), Moscow (Ru 1995 (50)}) 14. Qc2 (14. Qd3 $5) 14... Ncb4 $6 {
Starting sharp tactical battle.Another possibility was} (14... Qd6 15. Bg5 Re6
16. Bh4 Rae8 17. Bg3 Qd8 18. a3 {with complicated position.}) 15. Qb3 a5 $8 16.
Ne5 $1 (16. Bg5 Qd6 17. Rac1 a4 18. Qa3 Qb6 $1 $15 {[%csl Ra3][%cal Gc7c6,
Gg7f8]}) 16... c6 (16... a4 $6 17. Qf3 f6 $8 (17... Bxe5 $2 18. dxe5 Rxe5 19.
a3 b5 20. Bxb5 c6 21. Bf1 $16) 18. Nd3 Kh8 19. Nc5 (19. Nxb4 Nxb4 20. Qxb7 Nc2
21. Rb1 Nxd4 22. Be3 c5 $13) 19... b6 20. a3 $1 bxc5 21. axb4 Nxb4 22. dxc5 $14
) 17. a3 a4 18. Qf3 Nc2 19. Qxf7+ Kh8 20. Qxb7 $2 {Missing very promising
possibility} (20. Rb1 $5 Nxd4 21. Bg5 $1 Qc8 $2 (21... Qxg5 $2 22. Qxe8+ $1
Rxe8 23. Nf7+ Kg8 24. Nxg5 $16) (21... Qb8 22. Nd7 Qd6 23. Bxd5 Qxd5 24. Qxd5
cxd5 25. Nf6 (25. Bf6 $5 Ne2+ 26. Kf1 Nf4 27. Rd4 Rad8 $1 28. Bxg7+ Kxg7 29.
Rxf4 Rxd7 30. Rxa4 $16) 25... Re5 26. f4 Rf5 27. Rxd4 Bxf6 28. Bxf6+ Rxf6 29.
g3 $16) 22. Bxd5 cxd5 (22... Rxe5 23. Bf6 Qf8 24. Bxe5 Bxe5 25. Re1 $18) 23.
Rxd4 Bxe5 24. Rh4 $18) 20... Qb6 $1 $11 {The only,but quiet sufficient way to
equality.} (20... Bxe5 $2 21. dxe5 Qb6 (21... Re7 22. Qxc6 $18) 22. Qxb6 Nxb6
23. Bf7 $1 Nxa1 24. Bg5 Nd5 25. Rxd5 $1 Kg7 26. Bxe8 cxd5 27. Bf6+ Kf8 28. Bc6
$18) 21. Nf7+ (21. Qxc6 Qxc6 22. Nxc6 Nb6 23. Bf7 Nxa1 24. Bxe8 Rxe8 $17) 21...
Kg8 22. Nh6+ Kh8 23. Nf7+ (23. Qf7 $2 $19 Re7) (23. Qxb6 Nxb6 24. Nf7+ Kg8 25.
Nd6+ Nxc4 26. Nxe8 Nxa1 $19) 23... Kg8 24. Nh6+ Kh8 25. Nf7+ $11 1/2-1/2

[Event "ISR-ch op"]
[Site "Ramat Aviv"]
[Date "1999.04.08"]
[Round "9"]
[White "Finkel, Alexander"]
[Black "Kogan, Artur"]
[Result "1-0"]
[WhiteElo "2455"]
[BlackElo "2499"]
[Annotator "Finkel,A"]
[PlyCount "77"]
[EventDate "1999.03.28"]
[EventType "swiss"]
[EventRounds "9"]
[EventCountry "ISR"]
[SourceTitle "CBM 070"]
[Source "ChessBase"]
[SourceDate "1999.06.08"]
[SourceVersion "1"]
[SourceVersionDate "1999.06.08"]
[SourceQuality "1"]

1. e4 g6 $6 {This game was played in the last round of Israel open
championship and both of us with 5.5 points out of 8 needed to win to join the
price winners that's why Arthur chooses modern variation.I regard this move as
dubious,because modern defense is my main opening against 1.e4 so I know
pretty well this kind of position!} 2. d4 d6 3. Nf3 Bg7 4. Nc3 Nd7 $5 {Arthur
is very original player so I had no doubts that normal 4...Nf6 won't be played!
} 5. a4 $5 c6 6. Bc4 e6 $5 7. Bg5 Qb6 8. a5 Qc7 (8... Qxb2 9. Bd2 $1 Qb4 10.
Nb5 $1 $18) 9. Qd2 h6 $6 ({More in the spirit of the position was} 9... Ngf6 $5
10. Bh6 Bxh6 $6 (10... O-O 11. h4 d5 (11... Bxh6 12. Qxh6 d5 13. Bd3 $1 (13. e5
dxc4 14. exf6 Nxf6 15. Ng5 Rd8 16. Nce4 Qf4 17. Nxf6+ Qxf6 18. h5 $36) 13...
dxe4 14. Bxe4 Qd6 15. h5 $16) 12. Bd3 dxe4 13. Bxe4 Nxe4 14. Nxe4 f5 $5 15. Nc3
(15. Bxg7 Kxg7 16. h5 fxe4 17. hxg6 Qf4 18. Qxf4 Rxf4 19. gxh7 Kh8 $15) 15...
Bxh6 16. Qxh6 Nf6 $132) 11. Qxh6 d5 12. Bd3 dxe4 13. Bxe4 $14) 10. Be3 Ngf6 ({
After} 10... d5 11. Bb3 $5 (11. Bd3 dxe4 12. Nxe4 f5 13. Nc3 (13. Bf4 $6 e5 14.
dxe5 fxe4 15. e6 Ne5 16. Bxe4 Nxf3+ 17. gxf3 Be5 18. Bxg6+ Ke7 $17) 13... g5
14. g3 Ngf6 15. O-O $14) 11... Ngf6 12. Bf4 Qd8 13. Qe3 (13. exd5 Nxd5 14. Nxd5
cxd5 15. O-O $14 {[%cal Gc2c4]}) 13... dxe4 14. Nxe4 Nxe4 15. Qxe4 Nf6 16. Qe2
Nd5 17. Bd2 $14 {black finds himself in quiet passive position.}) 11. h3 $5 g5
({Once again} 11... d5 12. Bf4 (12. Bd3 Nxe4 13. Bxe4 dxe4 14. Nxe4 f5 15. Bf4
$1 e5 16. Nxe5 Nxe5 (16... Bxe5 17. dxe5 fxe4 18. e6 Ne5 19. Qc3 $16) 17. Nc5
Qe7 (17... Nc4 18. Bxc7 Nxd2 19. Kxd2 Bxd4 20. Rae1+ Kf7 21. Be5 $14) 18. O-O-O
Nc4 19. Qb4 Nd6 20. Rhe1 Ne4 21. f3 $40) 12... Qd8 13. Bd3 dxe4 14. Bxe4 g5 15.
Bh2 $14 {would lead to very comfortable advantage of white.}) 12. Bb3 a6 $5 {
Black understands that white is ready for d5 and intends to play c5.} (12... d5
$6 13. e5 Ng8 14. Ne2 $1 (14. h4 $6 g4 15. Nh2 h5 (15... f6) 16. Ne2 f6 17. Nf4
Nf8 $132) 14... f6 15. exf6 Ngxf6 16. Ng3 O-O 17. h4 $1 g4 18. Bf4 Qd8 19. Ne5
$36) 13. O-O c5 14. d5 $5 (14. dxc5 $5 dxc5 (14... Nxc5 15. Bxc5 dxc5 (15...
Qxc5 16. Rad1 Ke7 17. e5 $1 dxe5 18. Na4 $18 {[%csl Re7][%cal Gd2b4]}) 16. Rfd1
O-O 17. Bc4 Nd7 18. Na4 $14) 15. Rfd1 O-O 16. h4 g4 17. Ne1 c4 18. Ba2 Nc5 19.
Qe2 $16 {[%csl Rc4,Rg4]}) 14... e5 15. Bc4 $6 {Changing the order of moves!It
was better first to play} (15. Nh2 $1) 15... Nf8 $6 ({Missing a chanse to take
advantage of white's inaccuracy on the last move.} 15... g4 $1 16. hxg4 Nxg4
17. Nh4 Ndf6 18. Nf5 Bxf5 19. exf5 Nxe3 20. Qxe3 h5 $132) 16. Nh2 $1 Ng6 (16...
g4 $6 17. hxg4 Nxg4 18. Nxg4 Bxg4 19. Na4 $16 {[%cal Ga4b6,Gb2b4]}) 17. f3 Nf4
18. Ne2 h5 (18... N6h5 19. Rfc1 $14) 19. Ra3 Rh6 $5 (19... Nxe2+ 20. Qxe2 Nh7 (
20... g4 21. hxg4 hxg4 22. Nxg4 Bxg4 23. fxg4 Nxe4 24. Bc1 $1 $16 {[%cal Ga3f3]
}) 21. Bd3 Bd7 22. c4 $16) (19... Bh6 $2 20. h4 $1 $16) 20. h4 $1 {[%csl Rf4]
[%cal Gd2h6] Unexpected move:white moves with a pawn from his qwn king on the
side where black tries to attack!} Nh7 $2 {Giving up the game.Better was} (
20... gxh4 21. Nxf4 exf4 22. Bxf4 Rg6 23. e5 $5 (23. Kh1 $5 $14) 23... dxe5 24.
d6 $1 (24. Bxe5 $2 Ne4 $3 25. fxe4 Bxe5 26. Nf3 h3 27. Nh4 Rg7 $36) 24... Qc6
25. Bxe5 h3 26. Rf2 Be6 27. Bd3 $16) 21. hxg5 $16 Rg6 (21... Nxe2+ 22. Bxe2 Rg6
23. g3 f6 24. f4 $1 $18 {[%cal Ge2h5]}) 22. Nxf4 exf4 23. Bxf4 Bxb2 24. Rb3 ({
It was possible to play} 24. Rd3 $5 Bd4+ 25. Rxd4 cxd4 26. Bd3 Rg7 27. Rb1 $16
{[%csl Rd6,Rg7,Rh7][%cal Gb2b6] with winning position,but I didn't want to
sacrifice anything,}) 24... Bd4+ 25. Be3 Nxg5 26. Kh1 $5 (26. Bxd4 $1 cxd4 27.
Bd3 Rg8 28. f4 Nh7 29. e5 $16) 26... Bf6 (26... Bxe3 $5 27. Qxe3 (27. Rxe3 $5
$16 {[%cal Ge3b3,Gb3b6]}) 27... Qxa5 28. f4 Nh7 29. e5 Kf8 30. Bd3 $16) 27. Rb6
$1 Nh7 (27... Qe7 28. Bf4 Be5 29. Bxg5 Qxg5 30. Qxg5 Rxg5 31. f4 $18) 28. f4
Be7 29. f5 Rg8 (29... Rf6 30. Qe2 $18) 30. e5 $1 $18 {Despite of material
balnce black simply can resign;the difference in the strength of pieces is
huge.} Bd8 31. exd6 Qd7 32. Re1 $1 {[%csl Re8][%cal Ge3c5,Ge3g5,Ge1e8]} Qxf5 (
32... Bxb6 33. Bg5+ Kf8 34. Bh6+ Rg7 35. Qc3 f6 36. Re7 $18) 33. Bd3 {[%cal
Gd3h7]} Bxb6 34. Bxf5 Bxf5 35. Bxc5+ Kf8 36. axb6 Kg7 37. Bd4+ Kg6 38. Nf3 a5
39. Nh4# 1-0

[Event "RUS-ch qual 57th"]
[Site "Tomsk"]
[Date "2004.05.28"]
[Round "6"]
[White "Motylev, Alexander"]
[Black "Inarkiev, Ernesto"]
[Result "1-0"]
[WhiteElo "2649"]
[BlackElo "2595"]
[Annotator "Finkel,A"]
[PlyCount "93"]
[EventDate "2004.05.23"]
[EventType "swiss"]
[EventRounds "9"]
[EventCountry "RUS"]
[SourceTitle "CBM 102"]
[Source "ChessBase"]
[SourceDate "2004.09.23"]
[SourceVersion "1"]
[SourceVersionDate "2004.09.23"]
[SourceQuality "1"]

1. e4 g6 2. d4 Bg7 3. Nc3 d6 4. Bg5 c5 5. dxc5 Qa5 6. Qd2 (6. Bd2) 6... Bxc3 (
6... Qxc5) 7. Qxc3 $5 {White is initiating an exchange of the queens hoping
that bishops pair and a pressure over the semi-open b-file will compensate him
fo the invalid pawn structure.} (7. bxc3 Qxc5 (7... dxc5 $5 8. c4 Qxd2+ 9. Kxd2
Nc6 10. Ne2 b6 11. Nc3 Ba6 12. Nb5 O-O-O+ $13 {Geller,J-Zakharevich,I/Saratov
1999}) 8. Bd3 Nd7 9. Ne2 Ngf6 10. O-O O-O 11. Kh1 b6 12. Rae1 Bb7 13. Ng3 Rac8
14. c4 Ba6 15. f4 $36 {Hauchard,A-Chabanon,J/France 1989}) 7... Qxc3+ 8. bxc3
dxc5 9. a4 Bd7 10. Nf3 Bc6 $6 {A transposition of the bishop to c6 looks a bit
artificial, however it's not so easy to come up with a plan for black.} (10...
Nc6 11. a5 Nf6 12. Nd2 O-O 13. Bc4 b6 14. axb6 axb6 15. Rb1 $14) 11. Nd2 Nd7
12. Bb5 Rc8 (12... Bxb5 13. axb5 Ngf6 14. Ke2 $14 {[%csl Ra7][%cal Ga1a4,Gh1a1]
}) 13. Ke2 {[%cal Gh1b1] Whire has completed development of the pieces while
black still has to find a way to bring his kingside pieces into play.} f5 (
13... Ngf6 14. f3 Kd8 15. Rhb1 Kc7 16. Nc4 b6 $14) 14. Rhb1 b6 15. Bxc6 Rxc6
16. a5 h6 17. axb6 axb6 18. Ra8+ Kf7 19. Be3 Kg7 $6 {This move appears to be
serious inaccuracy.} (19... Rh7 $142 20. Rba1 Ngf6 21. f3 fxe4 22. fxe4 g5 $13
{[%cal Gh7g7,Gg7g8]}) 20. Rd1 Re6 (20... Rd6 21. Rda1) 21. exf5 gxf5 22. Kf1 h5
$6 {Giving up a pawn.} (22... Ngf6 $6 23. Rxh8 Kxh8 24. Bxh6 $16) (22... Ne5
$142 {[%csl Gf3]} 23. Re1 Ng4 24. Bd4+ N8f6 25. Bxf6+ Nxf6 26. Rxe6 Rxa8 27.
Rxe7+ Kg6 28. Re6 Ra2 $11) 23. Nf3 $16 Ngf6 24. Rxh8 Kxh8 25. Nh4 {[%csl Rf5]}
Ne4 (25... Ne5 26. Nxf5 Nc4 27. Bf4 Kh7 28. f3 Kg6 29. Ng3 h4 30. Ne2 $14) 26.
Nxf5 Ne5 27. Re1 Nc4 28. f3 Ned6 (28... Nxc3 $2 29. Bd4+ $18 {[%csl Re6]}) 29.
Nxd6 Rxd6 30. Bf4 Rd7 31. Bg5 e5 32. Ra1 {[%cal Gf1e2,Ga1d1]} e4 (32... Kg7 33.
Ke2 Kg6 34. h4 $16) 33. Ra4 b5 34. Ra8+ Kg7 35. fxe4 Nd2+ 36. Bxd2 Rxd2 37. Rc8
c4 38. Rc5 Kg6 39. h4 Rxc2 40. Rg5+ Kf6 41. Rxh5 Rc1+ 42. Ke2 Rc2+ 43. Kd1 Rxc3
44. Rf5+ Ke6 45. Rf3 $1 Rxf3 46. gxf3 Ke5 47. h5 1-0

[Event "EU-ch 3rd"]
[Site "Batumi"]
[Date "2002.06.17"]
[Round "6"]
[White "Gassanov, Assif"]
[Black "Krasenkow, Michal"]
[Result "0-1"]
[WhiteElo "2319"]
[BlackElo "2641"]
[Annotator "Finkel,A"]
[PlyCount "51"]
[EventDate "2002.06.12"]
[EventType "swiss"]
[EventRounds "13"]
[EventCountry "GEO"]
[SourceTitle "CBM 090"]
[Source "ChessBase"]
[SourceDate "2002.09.20"]
[SourceVersion "1"]
[SourceVersionDate "2002.09.20"]
[SourceQuality "1"]

1. e4 g6 2. d4 Bg7 3. Nc3 d6 4. Bg5 h6 5. Be3 (5. Bh4 $5) 5... a6 6. Qd2 b5 (
6... Nd7 7. O-O-O b5 8. f4 Ngf6 9. a3 Nb6 10. Nf3 Bb7 11. d5 c5 $13 {Pinter,
G-Ianov,V/HUN 1998}) 7. Bd3 (7. f3 Bb7 8. O-O-O Nd7 9. h4) 7... Bb7 8. Nge2 (8.
Nf3) 8... Nd7 9. a4 b4 10. Nd1 Ngf6 11. f3 c5 12. c3 bxc3 13. bxc3 Qc7 14. O-O
e5 15. Nf2 (15. d5 $5 {[%csl Rh6]}) 15... d5 16. Rfc1 $6 {Useless move, after
which white loses his openig advantage. Better was} (16. Rab1 $1 Rb8 (16...
dxe4 17. fxe4 exd4 18. cxd4 cxd4 19. Nxd4 $14) (16... h5 $6 17. dxe5 Nxe5 18.
Bf4 dxe4 19. Bxe5 Qxe5 20. Rxb7 e3 21. Qa2 $1 exf2+ 22. Rxf2 $16) 17. dxc5 h5
18. exd5 Nxd5 19. Ne4 $14) 16... h5 17. Rab1 O-O 18. dxe5 $6 Nxe5 19. Bf4 (19.
Bxc5 $2 Qxc5 20. Rxb7 dxe4 21. Bxe4 Nxe4 22. fxe4 Ng4 23. Rf1 Bh6 $17 {[%cal
Gh6e3]}) 19... dxe4 20. Bxe5 (20. Nxe4 Nxe4 21. Bxe4 Bxe4 22. fxe4 Rad8 $15)
20... Qxe5 21. Rxb7 e3 $1 $40 {Suddenly white king finds himself under severe
attack.} 22. Qc2 exf2+ 23. Kxf2 Bh6 {[%csl Re3]} 24. Rh1 (24. Rcb1 Be3+ 25. Ke1
Qxh2 $19) 24... Rad8 25. Bc4 Kg7 26. Bxa6 (26. Bxa6 Qe3+ 27. Ke1 Rd2 28. Qb3
Nd5 $19 {[%cal Gd5c3,Gd5f4]}) 0-1